Návrh konceptu udržateľnej marketingovej stratégie priemyselného podniku na zvýšenie jeho udržateľnej konkurencieschopnosti prostredníctvom formovania pozitívneho imidžu
Využitie udržateľnej marketingovej stratégie priemyselného podniku na zvýšenie jeho udržateľnej konkurencieschopnosti prostredníctvom formovania pozitívneho imidžu založeného na súčasných trendoch marketingovej komunikácie.
Saved in:
| Main Author: | |
|---|---|
| Other Authors: | , |
| Format: | Book Chapter |
| Language: | Slovak |
| Subjects: | |
| Tags: |
No Tags, Be the first to tag this record!
|
MARC
| LEADER | 00000nla a2200000 4500 | ||
|---|---|---|---|
| 001 | 0242423 | ||
| 005 | 20240417075137.3 | ||
| 041 | 0 | |a slo | |
| 044 | |a SK | ||
| 245 | 1 | 0 | |a Návrh konceptu udržateľnej marketingovej stratégie priemyselného podniku na zvýšenie jeho udržateľnej konkurencieschopnosti prostredníctvom formovania pozitívneho imidžu |c Monika Šujaková, Jaromíra Vaňová, Peter Sakál |
| 520 | |a Využitie udržateľnej marketingovej stratégie priemyselného podniku na zvýšenie jeho udržateľnej konkurencieschopnosti prostredníctvom formovania pozitívneho imidžu založeného na súčasných trendoch marketingovej komunikácie. | ||
| 610 | 2 | 0 | |a stratégia marketingová |
| 610 | 2 | 0 | |a podnik priemyselný |
| 610 | 2 | 0 | |a konkurencieschopnosť |
| 610 | 2 | 0 | |a imidž |
| 100 | 1 | |a Šujaková, Monika | |
| 700 | 1 | |a Vaňová, Jaromíra | |
| 700 | 1 | |a Sakál, Peter | |